Triển khai Firewall với Microsoft ISA server 2006

Sách trình bày các bước cài đặt và cấu hình ISA Server 2006 nhằm đảm bảo an toàn cho những hệ thống mạng từ nhỏ, trung bình đến những hệ thống mạng lớn.

שמור ב:
מידע ביבליוגרפי
מחבר ראשי: Tô, Thanh Hải
פורמט: ספר
שפה:Undetermined
יצא לאור: Hà Nội Lao động - xã hội 2010
נושאים:
תגים: הוספת תג
אין תגיות, היה/י הראשונ/ה לתייג את הרשומה!
Thư viện lưu trữ: Trung tâm Học liệu Trường Đại học Cần Thơ
LEADER 00936nam a2200205Ia 4500
001 CTU_167218
008 210402s9999 xx 000 0 und d
020 |c 68000 
082 |a 005.8 
082 |b H103 
100 |a Tô, Thanh Hải 
245 0 |a Triển khai Firewall với Microsoft ISA server 2006 
245 0 |c Tô Thanh Hải (Chủ biên) ; Phương Lan (Hiệu đính) 
260 |a Hà Nội 
260 |b Lao động - xã hội 
260 |c 2010 
520 |a Sách trình bày các bước cài đặt và cấu hình ISA Server 2006 nhằm đảm bảo an toàn cho những hệ thống mạng từ nhỏ, trung bình đến những hệ thống mạng lớn. 
650 |a Firewalls (Computer security),Bức tường lửa (Bảo mật máy tính) 
910 |a Thuý phượng,Hải 
980 |a Trung tâm Học liệu Trường Đại học Cần Thơ